000 01379nam a2200337Ia 4500
001 ebr10654751
003 CaPaEBR
006 m u
007 cr cn|||||||||
008 100719s2011 nyu sb 001 0 eng d
010 _z 2010029743
020 _z1617613304 (hardcover)
020 _z9781617613302 (hardcover)
020 _z9781617617072 (ebook)
040 _aCaPaEBR
_cCaPaEBR
035 _a(OCoLC)828139174
050 1 4 _aHF5381
_b.C26521 2011eb
245 0 0 _aCareer counseling and constructivism
_h[electronic resource] :
_belaboration of constructs /
_cMary McMahon and Mark Watson, editors.
260 _aNew York :
_bNova Science Publishers,
_cc2011.
300 _axviii, 163 p.
440 0 _aProfessions: training, education and demographics
504 _aIncludes bibliographical references and index.
533 _aElectronic reproduction.
_bPalo Alto, Calif. :
_cebrary,
_d2013.
_nAvailable via World Wide Web.
_nAccess may be limited to ebrary affiliated libraries.
650 0 _aConstructivism (Psychology)
650 0 _aVocational education.
655 7 _aElectronic books.
_2local
700 1 _aMcMahon, Mary,
_d1955-
700 1 _aWatson, M. B.
_q(Mark Brownlee),
_d1949-
710 2 _aebrary, Inc.
856 4 0 _uhttp://site.ebrary.com/lib/rucke/Doc?id=10654751
_zAn electronic book accessible through the World Wide Web; click to view
999 _c180444
_d180444